Gagnant le la ligue des champions- Mort Subite - Statistiques

Statistiques générales
  • Ce quiz a été pris 163 fois
  • Le résultat moyen est 6 sur 20
Answers on the Grid
Answers color-coded by a green-red scale on the quiz's grid according to % correct below.
Benjamin Pavard
Corentin Tolisso
Eric Maxim Chupo-Moting
Didier Drogba
Samir Nasri
David Luiz
Thiago Silva
Ronaldo
Lothar Matthaus
Gaël Clichy
David Trezeguet
Diego Maradona
Gerd Muller
Gianluigi Buffon
Willy Sagnol
Virgil Van Djik
Michael Essien
Roberto Baggio
Luis Figo
Patrice Evra
Cecs Fàbregas
Robert Pires
Vikash Dhorasoo
Oliver Kahn
Divock Origi
Kylian Mbappé
Marco Materrazi
Fabinho
Adil Rami
Pierre Emerick Aubameyang
Achraf Hakimi
Paolo Maldini
Junhinio
Sergio Ramos
Samuel Eto'o
Khvicha Kvaratskhelia
 
Statistiques - réponses
Réponse % Correct
Benjamin Pavard
64%
Corentin Tolisso
64%
Didier Drogba
52%
Thiago Silva
42%
Achraf Hakimi
41%
Sergio Ramos
36%
Khvicha Kvaratskhelia
35%
Virgil Van Djik
35%
Samuel Eto'o
32%
Paolo Maldini
29%
Fabinho
26%
Oliver Kahn
23%
Patrice Evra
22%
Divock Origi
17%
Gerd Muller
17%
David Luiz
16%
Luis Figo
16%
Marco Materrazi
12%
Michael Essien
7%
Willy Sagnol
6%
Aucun quiz correspondant
Distribution des résultats
% des personnes avec chaque résultat
Percentile par nombre de réponses
Votre historique - résultats
Vous n’avez pas pris ce quiz